Islands of Greece in GeoGuessr - Statistics

General Stats
  • This quiz has been taken 18 times
  • The average score is 11 of 29
Answer Stats
Answer % Correct
Crete
88%
Rhodes
88%
Santorini
82%
Lesbos
71%
Mykonos
71%
Naxos
71%
Corfu
65%
Euboea
65%
Kos
65%
Paros
47%
Zakynthos
47%
Kefalonia
41%
Samos
41%
Andros
35%
Chios
35%
Lemnos
35%
Thassos
35%
Lefkada
29%
Hydra
18%
Salamis
18%
Siros
18%
Aegina
12%
Folegandros
12%
Poros
12%
Sifnos
12%
Tinos
12%
Ithaca
6%
Kea
6%
Paxos
6%
No matching quizzes found
Score Distribution
Percent of People with Each Score
Percentile by Number Answered
Your Score History
You have not taken this quiz